00690nam a22001937a 4500003000900000008004100009040007100050082001800121100003400139245002900173260005200202300003000254650002400284650003200308650002200340650004400362710004800406710004200454AR-CdUCM190306b ||||| |||| 00| 0 spa d aMUNICIPALIDAD PROVINCIAL DEL CUSCOcBIBLIOTECA MUNICIPAL DEL CUSCO a869.56 /bG77 aGranadino Penalillo, Cecilia  aCon harta vergüenza /  aLima : b[Talleres de Edgraf S.C.R.L.], c1990. a53 páginas ; c20.5 cm. aCuentos cusqueños aCuentos - Siglo XX - Perú aNarrativa Peruana aAutoras cusqueñas - Cecilia Granadino aConsejo Nacional de Ciencia y Tecnología  aCentro de Difusión Cultural Wasapay